000 00642nam a2200229Ia 4500
003 OSt
005 20221007080628.0
006 a|||||r|||| 00| 0
007 ta
008 221006b |||||||| |||| 00| 0 eng d
024 _a17,678
037 _cTextual
040 _aFLL
_cFLL
_beng
041 _2eng
_aeng
082 _aY:45:6:(Z).73, E1
100 _aSaleilles Raymond Au.
_9695094
245 0 _aIndividualization of punishment
260 _aNew Jersey
_b Patterson Smith U.S.A.
_c1911
300 _axliv,322p
_ccm.
942 _hY:45:6:(Z).73, E1
_cTEXL
_2CC
999 _c1160345
_d1160345